Normal view MARC view

Entry Nombre personal

Number of records used in: 4

001 - NÚMERO DE CONTROL

  • campo de control: 23486

003 - IDENTIFICADOR DE NÚMERO DE CONTROL

  • campo de control: SpMaBN

005 - FECHA Y HORA DE LA ÚLTIMA TRANSACCIÓN

  • campo de control: 20240426165604.0

008 - ELEMENTOS DE DATO DE LONGITUD-FIJA

  • campo de control de longitud fija: 910101nn ainnnaabn a aaa

016 ## - NÚMERO DE CONTROL DE UNA AGENCIA BIBLIOGRÁFICA NACIONAL

  • Número de control del registro: BNE19970352583

024 7# - IDENTIFICADOR DE OTROS ESTÁNDARES

  • Número estándar o código: http://viaf.org/viaf/61928646/
  • Fuente: viaf

024 7# - IDENTIFICADOR DE OTROS ESTÁNDARES

  • Número estándar o código: https://isni.org/isni/0000000062994232
  • Fuente: isni

040 ## - FUENTE DE CATALOGACIÓN

  • Centro catalogador/agencia de origen: SpMaBN
  • Lengua de catalogación: spa
  • Centro/agencia transcriptor: SpMaBN
  • Normas de descripción: rdc
  • Convención/Normas de encabezamiento de materia/tesauro: embne

046 ## - FECHAS CON CODIFICACIÓN ESPECIAL

  • Fecha de nacimiento: 1873
  • Fecha de la muerte: 1938

100 1# - ENCABEZAMIENTO-NOMBRE DE PERSONA

  • Nombre de persona: Artiñano y Galdácano, Gervasio de,
  • Fechas asociadas al nombre: 1873-1938

400 1# - TRAZADO DE VÉASE--NOMBRE DE PERSONA

  • Nombre de persona: Artiñano y de Galdácano, Gervasio de,
  • Fechas asociadas al nombre: 1873-1938

400 1# - TRAZADO DE VÉASE--NOMBRE DE PERSONA

  • Nombre de persona: Artiñano y Galdácano, G.,
  • Fechas asociadas al nombre: 1873-1938

670 ## - FUENTE DE DATOS ENCONTRADOS

  • Cita de la fuente: Palau

670 ## - FUENTE DE DATOS ENCONTRADOS

  • Cita de la fuente: WWW Real Academia de la Historia, 27-04-2018
  • Información encontrada: (Gervasio de Artíñano y Galdácano. Madrid, s. XIX – 16.VII.1938. Historiador y académico de número de la Real Academia de la Historia)
  • Identificador Uniforme de Recursos: http://www.rah.es/gervasio-artinano-galdacano/

670 ## - FUENTE DE DATOS ENCONTRADOS

  • Cita de la fuente: WWW Viquipedia, 27-04-2018
  • Información encontrada: (Gervasio de Artiñano y Galdácano (Bilbao, 14 de febrero de 1873 - Madrid, 16 de julio de 1938) Ingeniero y político español)
  • Identificador Uniforme de Recursos: https://ca.wikipedia.org/wiki/Gervasio_de_Arti%C3%B1ano_y_Gald %C3%A1cano